Analýza hodnoty pridanej spracovaním v rámci odvetvovej klasifikácie ekonomických činností
Hodnota pridaná spracovaním je ekonomicky významný ukazovateľ pre inštitucionálne sektory a pre odvetvia. Jej hodnota vypovedá ako sa vyvíjajú jednotlivé odvetvia a sektory ekonomiky, resp. na akej úrovni prebiehajú zhodnocovacie procesy a tiež ako sa zapája a využíva technológia vo výrobe. Hodnota...
Enregistré dans:
| Auteur principal: | |
|---|---|
| Format: | Chapitre de livre |
| Langue: | slovaque |
| Sujets: | |
| Tags: |
Pas de tags, Soyez le premier à ajouter un tag!
|
MARC
| LEADER | 00000naa$a2200000$$$4500 | ||
|---|---|---|---|
| 001 | 0055005 | ||
| 005 | 20240502071630.5 | ||
| 041 | 0 | |a slo | |
| 044 | |a SK | ||
| 245 | 1 | 0 | |a Analýza hodnoty pridanej spracovaním v rámci odvetvovej klasifikácie ekonomických činností |c Miroslava Havettová |
| 520 | |a Hodnota pridaná spracovaním je ekonomicky významný ukazovateľ pre inštitucionálne sektory a pre odvetvia. Jej hodnota vypovedá ako sa vyvíjajú jednotlivé odvetvia a sektory ekonomiky, resp. na akej úrovni prebiehajú zhodnocovacie procesy a tiež ako sa zapája a využíva technológia vo výrobe. Hodnota pridaná spracovaním tvorí významnú zložku v rámci tvorby HDP. Jej analýzou je možné vytvoriť si prehľad o všetkých odvetviach a sektoroch ekonomiky, zistiť príčiny zaostávania v niektorých odvetviach. Dôležité predpoklady rastu hodnoty pridanej spracovaním - technologická náročnosť a inovácie. Nevyhnutnosť pre rast hodnoty pridanej spracovaním - podpora transferu technológií, výskumu, vývoja a inovacií vo výrobe. | ||
| 610 | 2 | 0 | |a hodnota pridaná spracovaním |
| 610 | 2 | 0 | |a analýzy |
| 610 | 2 | 0 | |a odvetvia činnosti ekonomickej |
| 610 | 2 | 0 | |a sektory hospodárske |
| 610 | 2 | 0 | |a produkt domáci hrubý |
| 610 | 2 | 0 | |a technológia |
| 610 | 2 | 0 | |a inovácia |
| 100 | 1 | |a Havettová, Miroslava | |